000 01102cam a2200337 a 4500
001 13588124
003 OSt
005 20140310181632.0
008 040510s2004 miu 000 0 eng d
010 _a 2004299473
020 _a0310803470
035 _a(OCoLC)ocm54473145
040 _aHT#
_cHT#
_dDLC
042 _alccopycat
050 0 0 _aBV4501.3
_b.S5835 2004
082 0 0 _a248.4
_222
245 0 0 _aSimple living for busy people :
_bGod's guide to enjoying what matters most / [compiler, Lila Empson].
260 _aGrand Rapids, Mich. :
_bInspirio,
_cc2004.
300 _a187 p. ;
_c18 cm.
521 _aTeachers Reference
_bLexile
526 _c1210L to 1700L
541 _j1
562 _eFor circulation. 1 copy in the collection
650 0 _aChristian life.
650 0 _aSpiritual direction.
700 1 _aEmpson, Lila.
856 4 2 _3Publisher description
_uhttp://www.loc.gov/catdir/enhancements/fy0633/2004299473-d.html
906 _a7
_bcbc
_ccopycat
_d2
_encip
_f20
_gy-gencatlg
942 _2lcc
_cBK
_kTR
999 _c563
_d563